1298 1646 1790 1786 1673 1281 1959 1783 1218 1312 1946 1648 1703 1368 1236 1666 1705 1643 1310 1176 1046 1464 1123 1094 1293 1464 1842 1660 1816 1234 1308 1587 1212 1508 1658 1506 1141 1710 1216 1606 1211 1748 1180 1598 1434 1048 1733 1756 1866 1468 1949 1228 1944 1353 1743 1669 1029 1006 1823 1206 1437 2000 1891 1115 1018 1280 1557 1056 1447 1660 1369 1143 1744 1608 1754 1824 1068 1360 1578 1717 1058 1564 1506 1116 1029 1143 1104 1796 1435 1416 1218 1379 1062 1246 1214 1237 1960 1890 1420 BCNSPRNW ULIB Ver.6.0+V

เปลี่ยนเป็นภาษาไทย

Change to English
 แสดงรายละเอียดบรรณานุกรม
  กลับหน้าหลัก

Brief Record : Get Marc (ISO 2709) : E-mail record : QR code < ปิดหน้าต่าง
LEADER : 00000nam 2200000uu 4500
001    13399110884
003     ULIB
008    110613s||||||||th 000 0 tha d
020    9748679241(ล.3)
050  4 AC158^bF111D ล.3 2005
100 0  Florentiis, Giuseppe De
245    ดิสนีย์ส (Disney s) โลกมหัศจรรย์ : การค้นพบที่น่ามหัศจรรย์บางอย่าง/ ^cผู้แปลและเรียบเรียง ศูนย์การแปล คณะอักษณศาสตร์ จุฬาลงกรณ์มหาวิทยาลัย ; บรรณาธิการ ชาญศักดิ์ พงษ์สุวรรณ
260    กรุงเทพฯ : ^bโกเลียร์อินเตอร์เนชั่นแนล, ^c2005
300    20 เล่ม : ^bภาพประกอบ ; ^c26 ซม.
592    Buddhist era
650  7 ความรู้ทั่วไป
650  7 สิ่งมหัศจรรย์
650  7 ธรรมชาติ
700    ชาญศักดิ์ พงษ์สุวรรณ, ^eบรรณาธิการ
710    จุฬาลงกรณ์มหาวิทยาลัย. ^bคณะอักษรศาสตร์. ^bศูนย์การแปล
945    ^p850^l0^i023017
995    ทศพร
999 ^a ใช้งานได้ทุกระบบ
รายการนี้ยังไม่มีแท็ก
คุณยังไม่ได้ล็อกอิน คุณสามารถมีกิจกรรมร่วมกับเว็บไซต์ได้ แต่ต้องล็อกอินก่อน ::
  ล็อกอิน

รายการสื่อสารสนเทศ

ลำดับที่ ประเภท เลขเรียก/บาร์โค้ด สถานที่ สถานะ
- ไม่พบข้อมูล -

รายการใกล้เคียง
    ผู้แต่ง [Florentiis, Giuseppe De]

    หัวเรื่อง [ความรู้ทั่วไป]
    หัวเรื่อง [สิ่งมหัศจรรย์]
    หัวเรื่อง [ธรรมชาติ]

BibComment


ยังไม่เคยถูกคอมเมนท์

คอมเมนท์ทรัพยากรรายการนี้
  คอมเมนท์: ดิสนีย์ส Disney s..


 Copyright 2026. Bcnsprnw @Library